000 00673cam a22002053a 4500
001 40496
003 PGUSA
005 20140828083914.0
008 120814s2012||||xxu|||||s|||||000 | eng d
040 _aPGUSA
_beng
042 _adc
100 1 _aBussy, Roger de Rabutin, comte de,
_d1618-1693
245 1 0 _aHistoire amoureuse des Gaules suivie des Romans historico-satiriques du XVIIe siècle
_h[electronic resource] /
_cRoger de Rabutin, comte de Bussy
260 _bProject Gutenberg,
_c2012
506 _aPublic domain in the USA.
516 _aElectronic text
830 0 _aProject Gutenberg
_v40496
856 4 0 _uhttp://www.gutenberg.org/ebooks/40496
942 _cEB
999 _c269749
_d269749